000
00236nam a2200085Ia 4500
245
0
_a
Don't forget the knight light
100
_a
Gagliardi, Tina Edina, MN, 2009
_9
77280
942
_c
BK
008
210818s9999 xx 000 0 und d
999
_c
452533
_d
452532